Every Team to Play in a Champions League Final - Statistics

General Stats
  • This quiz has been taken 26 times
  • The average score is 35 of 42
Answer Stats
Country Club % Correct
Italy AC Milan
100%
Germany Bayern Munich
100%
Germany Borussia Dortmund
100%
England Chelsea
100%
Italy Inter Milan
100%
Italy Juventus
100%
England Manchester City
100%
England Manchester United
100%
Portugal Porto
100%
France PSG
100%
Spain Real Madrid
100%
Netherlands Ajax
95%
England Arsenal
95%
Spain Atletico Madrid
95%
Spain Barcelona
95%
Portugal Benfica
95%
England Liverpool
95%
France Marseille
95%
Netherlands PSV
95%
Italy Roma
95%
Scotland Celtic
91%
Monaco Monaco
86%
England Tottenham Hotspur
86%
England Aston Villa
82%
England Nottingham Forest
82%
Netherlands Feyenoord
77%
Serbia Red Star Belgrade
77%
Germany Hamburg
73%
Spain Valencia
73%
England Leeds United
68%
Sweden Malmo
68%
Greece Panathinaikos
68%
Italy Fiorentina
64%
Serbia Partizan
64%
Romania Steaua Bucuresti
64%
Germany Bayer Leverkusen
59%
Germany Eintracht Frankfurt
59%
Italy Sampdoria
59%
Belgium Club Brugge
55%
France Reims
55%
France Saint-Etienne
55%
Germany Borussia Monchengladbach
50%
No matching quizzes found
Score Distribution
Percent of People with Each Score
Percentile by Number Answered
Your Score History
You have not taken this quiz